| 000 | 00646nam a2200205Ii 4500 | ||
|---|---|---|---|
| 003 | JO-AjNU | ||
| 008 | 230605s9999||||xx |||||||||||||| ||und|| | ||
| 040 |
_aJO-AjNU _bara _erda _cJO-AjNU |
||
| 041 | _aara | ||
| 050 | 1 | 4 | _aAC106.O7556.1985 |
| 100 | 3 |
_aالعثمان،سهيل, _eauthor _910290 |
|
| 245 | 0 | 0 | _aاسهام في الفكر الحضاري والنقدي |
| 250 | _aط1 | ||
| 264 | 3 | 1 | _aحماة:دار الحكيم،1985 |
| 300 | _a294ص | ||
| 336 |
_atext _btxt _2rdacontent |
||
| 337 |
_aunmediated _bn _2rdamedia |
||
| 338 |
_avolume _bnc _2rdacarrier |
||
| 650 | 4 |
_aحضارة-تاريخ-ثقافة-فكر وتفكير _910291 |
|
| 999 |
_aA1732 _c5300 _d5300 |
||